| 000 | 00772nam a2200253Ia 4500 | ||
|---|---|---|---|
| 003 | OSt | ||
| 005 | 20221005093005.0 | ||
| 006 | a|||||r|||| 00| 0 | ||
| 007 | ta | ||
| 008 | 221004b |||||||| |||| 00| 0 eng d | ||
| 020 |
_a1572304626 (hbk) _c2278.34 |
||
| 024 | _a95927 | ||
| 037 |
_b5309, 23/03/2009, Efficient Book Distributors _cTextual |
||
| 040 |
_aCRL _cCRL _beng |
||
| 041 |
_2eng _aeng |
||
| 082 | _aSM9:86, N9 | ||
| 100 |
_aMcWilliams Nancy _934909 |
||
| 245 | 0 |
_aPsychoanalytic _b Case formulation |
|
| 260 |
_aNew York _bThe Guilford Press USA _c1999 |
||
| 300 |
_axv,240p. _ccm. |
||
| 650 | _aPSYCHOLOGY | ||
| 942 |
_hSM9:86, N9 _cTEXL _2cc |
||
| 999 |
_c999665 _d999665 |
||